Catálogo

ANTOLOGIA (Registro nro. 34511)

Detalles MARC
000 -LEADER
fixed length control field 00513nam a2200193 a 4500
001 - CONTROL NUMBER
control field 34511
005 - DATE AND TIME OF LATEST TRANSACTION
control field 20180714002643.0
008 - FIXED-LENGTH DATA ELEMENTS--GENERAL INFORMATION
fixed length control field 140415s1971 sp 000 0 spa d
041 ## - LANGUAGE CODE
Language code of text/sound track or separate title spa
082 ## - DEWEY DECIMAL CLASSIFICATION NUMBER
Classification number 800
Item number BIB
100 1# - MAIN ENTRY--PERSONAL NAME
Personal name CASTRO, ROSALIA DE
245 10 - TITLE STATEMENT
Title ANTOLOGIA
250 ## - EDITION STATEMENT
Edition statement 1a ed.
260 ## - PUBLICATION, DISTRIBUTION, ETC.
Place of publication, distribution, etc. ESPAÑA :
Name of publisher, distributor, etc. SALVAT EDITORES,
Date of publication, distribution, etc. 1971
300 ## - PHYSICAL DESCRIPTION
Extent 200
490 ## - SERIES STATEMENT
Series statement BIBLIOTECA GENERAL SALVAT
Volume/sequential designation 6
650 14 - SUBJECT ADDED ENTRY--TOPICAL TERM
Topical term or geographic name entry element ANTOLOGIA
General subdivision LITERATURA ESPAOLA
700 1# - ADDED ENTRY--PERSONAL NAME
Personal name LOSADA CASTRO, BASILIO
Relator term pról.
Existencias
Withdrawn status Lost status Source of classification or shelving scheme Damaged status Not for loan Collection code Home library Current library Shelving location Date acquired Source of acquisition Inventory number Total Checkouts Full call number Barcode Date last seen Price effective from Koha item type
    Dewey Decimal Classification     General Biblioteca Karol Wojtyla Biblioteca Karol Wojtyla Área de silencio 03/12/2013 Compra 151000000000000000031343   800 BIB 52270 05/01/2026 03/12/2013 Libro